000 00475nam a2200181Ia 4500
001 22985
005 20260414150907.0
008 260414t2015||||xx |||||||||||||| ||spa||
041 _aESP
082 _a624.175
_bM44
100 _aMeseguer Ruiz, José
_eAUT
245 0 _aAerodinámica civil :
_befectos del viento en edificaciones y estructuras
260 _c2015
300 _axii, 350 páginas :
_c24 cm.
650 _a0
654 _aCIC
942 _cLIB
_dJUS
_fJUS
_2ddc
_n
999 _c22985
_d22985